Movies Quiz

Random Movies Quiz

Click the Spider-man Movie Villains Quiz Stats

 Plays Quiz not verified by Sporcle

Score 0/17 Timer 03:00
0 Plays Today
% Correct
Green Goblin
97%
Venom
96.4%
Vulture
95.8%
Lizard
95.8%
Rhino
95.8%
Doctor Octopus
95.2%
Electro
95.2%
Sandman
94.6%
Shocker
84.3%
% Correct
Mysterio
81.9%
Kingpin
78.3%
Scorpion
72.3%
Carnage
60.2%
Prowler
59%
Tinkerer
58.4%
Hobgoblin
51.8%
Tombstone
37.3%

You're not logged in!

Compare scores with friends on all Sporcle quizzes.
OR
Log In

Show Comments

Extras

Top Quizzes Today


Score Distribution

Your Account Isn't Verified!

In order to create a playlist on Sporcle, you need to verify the email address you used during registration. Go to your Sporcle Settings to finish the process.

Report this User

Report this user for behavior that violates our Community Guidelines.

Details: